El Golpe de Estado del presidente Bush /
Guardado en:
| 主要作者: | |
|---|---|
| 格式: | Texto |
| 主題: | |
| 標簽: |
添加標簽
沒有標簽, 成為第一個標記此記錄!
|
MARC
| LEADER | 00000 a a2200000 04500 | ||
|---|---|---|---|
| 001 | 2665 | ||
| 003 | |||
| 040 | |||
| 100 | |a Gilly, Adolfo | ||
| 245 | |a El Golpe de Estado del presidente Bush / |c Adolfo Gilly | ||
| 650 | |a POLITICA EXTERIOR | ||
| 650 | |a IMPERIALISMO | ||
| 773 | |g volumen 42, número 225; páginas 26-29 | ||
| 999 | |c 29769 |d 29769 | ||
